| 000 | 03092cam a2200421 i 4500 | ||
|---|---|---|---|
| 999 |
_c3396 _d3396 |
||
| 001 | ocn950450533 | ||
| 003 | OCoLC | ||
| 005 | 20170825155655.0 | ||
| 008 | 160624s2015 sa b 001 0 eng | ||
| 010 | _a 2016295988 | ||
| 020 | _a9780199046669 | ||
| 020 | _a0199046662 | ||
| 029 | 1 |
_aAU@ _b000057885654 |
|
| 035 | _a(OCoLC)950450533 | ||
| 040 |
_aDLC _beng _erda _cDLC _dBTCTA _dYDXCP _dBDX _dOCLCF _dLOA _dRCJ _dP4A _dOCLCA |
||
| 042 | _apcc | ||
| 043 | _af-sa--- | ||
| 049 | _aTZAA | ||
| 050 | 0 | 0 |
_aKTL3800 _b.C755 2015 |
| 082 | _aA346.8052 | ||
| 245 | 0 | 0 |
_aCriminal law in South Africa / _cGerhard Kemp (editor) [and six others]. |
| 250 | _aSecond edition. | ||
| 300 |
_axxxiv, 698 pages ; _c24 cm |
||
| 500 | _a"Criminal justice." | ||
| 504 | _aIncludes bibliographical references (pages 635-648) and index. | ||
| 505 | 0 | _apt. I. General introduction -- Introduction to criminal law -- The conduct of a criminal trial -- pt. II. General principles of criminal law -- Unlawful conduct -- Acts and omissions --Unlawful state of affairs -- Causation -- Private defence -- Necessity and impossibility -- Obedience to superior orders -- Public authority -- Lawful chastisement -- Consent -- Deminimis non curat lex -- pt. II. Criminal capacity -- Pathological incapacity -- Youth -- Intoxication -- Fault -- pt. III. Intention -- Negligence -- The contemporaneity rule -- Fault in statutory offences, and strict and vicarious liability -- Corporate criminal liability -- Differences excluding fault -- Degrees of participation in crime Specific crimes -- Participants in crime -- Incomplete crimes pt. III. Specific crimes -- Crimes against human life, the person and the family -- Sexual crimes -- Bigamy -- Abduction -- Property crimes -- Theft --Robbery -- Housebreaking -- Malicious damage to property and arson -- Fraud -- Crimes against community -- Corruption -- Public violence -- Crimes against public morals -- Drug offences -- Road traffic offences -- Extortion -- Crimes against the state and administration of justice -- Crimes against the state -- Crimes against the administration of justice -- Organised and commercial crime --Crimes under the companies act 71 0f 2008 -- Organised crime and money laundering -- International criminal law -- Introduction to international criminal law -- The core international crimes -- The prosecution of international crimes -- Other crimes of international concern | |
| 600 | _2on order | ||
| 650 | 0 |
_aCriminal law _zSouth Africa. |
|
| 650 | 0 |
_aCriminal justice, Administration of _zSouth Africa. |
|
| 650 | 7 |
_aCriminal justice, Administration of. _2fast |
|
| 650 | 7 |
_aCriminal law. _2fast |
|
| 651 | 7 |
_aSouth Africa. _2fast |
|
| 700 | 1 |
_aKemp, Gerhard, _d1973- _eeditor. |
|
| 856 | 4 | 2 |
_3Contributor biographical information _uhttps://www.loc.gov/catdir/enhancements/fy1618/2016295988-b.html |
| 856 | 4 | 2 |
_3Publisher description _uhttps://www.loc.gov/catdir/enhancements/fy1618/2016295988-d.html |
| 856 | 4 | 1 |
_3Table of contents only _uhttps://www.loc.gov/catdir/enhancements/fy1618/2016295988-t.html |
| 942 |
_2lcc _cBOOK |
||